| 000 | 00641nam a2200217Ia 4500 | ||
|---|---|---|---|
| 005 | 20260429112300.0 | ||
| 008 | 260429s9999||||xx |||||||||||||| ||und|| | ||
| 020 | _a9783031530425 | ||
| 041 | _aEnglish | ||
| 082 |
_a614.4 _bWAS |
||
| 100 | _aWassertheil-Smoller, Sylvia | ||
| 245 | 0 |
_aBiostatistics and Epidemiology : _ba primer for health and biomedical professionals / _cSylvia Wassertheil-Smoller |
|
| 250 | _a5th ed. | ||
| 260 |
_aSwitzerland : _bSpringer, _c2024. |
||
| 300 | _axix, 232 p.; hb | ||
| 650 | _a Epidemiology | ||
| 650 | _a Public health | ||
| 650 | _aBiostatistics | ||
| 700 | _a Smoller, Jordan | ||
| 942 | _cTB | ||
| 999 |
_c53296 _d53296 |
||